00530nab a2200169 uc450000100070000000500170000700800410002403500110006503500210007604000130009704100080011010000440011824500580016265000230022065000250024377300920026872367820240418091001.0020305s2001 spa  a723678 a(OCoLC)819934511 ccomduadb aspa 0aVeblen, Thorstein,d1857-19294auteaut10aPor que la econmomia no es una ciencia evolucionista 7aEconomía2armarc aCiencia y economía0 tEcos de Economía (Medellín)gNo. 13, Dic. 2001, p. 81-97w308696x1657-42060104676